| Tag |
First Indicator |
Second Indicator |
Subfields |
| LEADER |
00000pam a2200000 a 4500 |
| 001 |
in00000073022 |
| 005 |
20151008060019.0 |
| 008 |
810727s1982 pau b 00110 eng |
| 010 |
|
|
|a 81009315
|
| 020 |
|
|
|a 0877222347 :
|c $35.00
|
| 035 |
|
|
|a (OCoLC)07738081
|
| 035 |
|
|
|9 AAJ4960AM
|
| 039 |
0 |
|
|a 2
|b 3
|c 3
|d 3
|e 3
|
| 040 |
|
|
|a DLC
|c DLC
|d TXA
|d UtOrBLW
|
| 043 |
|
|
|a e------
|
| 049 |
|
|
|a TXAM
|c [1442741]
|
| 050 |
0 |
0 |
|a HQ1588
|b .R6 1982
|
| 082 |
0 |
|
|a 305.4/2/094
|2 19
|
| 100 |
1 |
|
|a Robertson, Priscilla Smith.
|
| 245 |
1 |
3 |
|a An experience of women :
|b pattern and change in nineteenth-century Europe /
|c Priscilla Robertson ; with an appendix by Steve Hochstadt.
|
| 264 |
|
1 |
|a Philadelphia :
|b Temple University Press,
|c 1982.
|
| 300 |
|
|
|a xii, 673 pages ;
|c 24 cm.
|
| 336 |
|
|
|a text
|b txt
|2 rdacontent
|
| 337 |
|
|
|a unmediated
|b n
|2 rdamedia
|
| 338 |
|
|
|a volume
|b nc
|2 rdacarrier
|
| 500 |
|
|
|a Includes index.
|
| 504 |
|
|
|a Bibliography: pages 595-641.
|
| 650 |
|
0 |
|a Women
|z Europe
|x History
|y 19th century.
|
| 650 |
|
0 |
|a Feminism
|z Europe
|x History
|y 19th century.
|
| 999 |
|
|
|a MARS
|
| 999 |
f |
f |
|s 05ac8a43-3d39-3199-9baf-0bd34f365f42
|i f286d445-f884-3720-9b1f-cbc5e74eea89
|t 0
|
| 952 |
f |
f |
|p ric
|a Texas A&M University
|b Rellis Campus
|c Joint Library Facility
|d Remote Storage
|t 0
|e HQ1588 .R6 1982
|h Library of Congress classification
|i unmediated -- volume
|m A14806143706
|
| 998 |
f |
f |
|a HQ1588 .R6 1982
|t 0
|l Remote Storage
|